| 000 | 02484nam a2200517Ia 4500 | ||
|---|---|---|---|
| 001 | dia_5781 | ||
| 003 | CHAP | ||
| 005 | 20240417114737.0 | ||
| 007 | ta | ||
| 008 | 220117s2014 mx abo f 001 0 spa d | ||
| 040 |
_amxchpua _cCHAP |
||
| 090 |
_aT.C.637 _bS99 IA _c2014 |
||
| 245 | 1 | 0 |
_aReporte final de viaje de estudios : _b26 de enero al 7 de febrero del 2014 / _ccoordinadores Rosa Guadalupe Szymanski Duque y Roberto Arturo Flores Alcántara ; colaboradores Abel Ignacio Aguilera Szymanski...[y otros] |
| 260 |
_aMéxico : _bEl autor, _c2014 |
||
| 300 |
_a116 hojas : _bilustraciones, mapas, diagramas, fotos |
||
| 336 |
_2rdacontent _atexto _btxt |
||
| 337 |
_2rdamedia _ano mediado _bn |
||
| 338 |
_2rdacarrier _avolumen _bnc |
||
| 500 | _aGrado: 4° año Grupo: 03 Incluye directorio. | ||
| 502 |
_aViaje de estudios _b(IA) -- _cUACh. Departamento de Ingeniería Agroindustrial, _d2014 |
||
| 505 | 0 | 0 | _tEmpresas visitadas: -- 1.Agronegocios Tzapingo -- 2.Sociedad Piscícola de Tapijulapa -- 3.Salmi del Sureste, S. A. de C. V. -- 4.Ingenio Presidente Benito Juaréz, S. A. de C. V. - 5.Apicultores de Champotón, S. P. R. de R. S. -- 6.Kareyes -- 7.Agropecuaria Santa Genoveva, S. A. P. I. de C. V. -- 8.Mexialoe laboratorios, S. A. de C. V. -- 9.Proteínas y oléicos, S. A. de C. V. -- 10.Casa D´Aristi -- 11.Industria agrícola Maya -- 12.Cafeto -- 13.CANIRAC -- 14.Chicza |
| 650 | 1 | 3 |
_aAloe vera _94554 |
| 650 | 1 | 3 |
_aBananas _9152111 |
| 650 | 1 | 3 |
_aBananos _9159531 |
| 650 | 1 | 3 |
_aCongelación _9149366 |
| 650 | 1 | 3 |
_aEmpaque _936540 |
| 650 | 1 | 3 |
_aIndustria azucarera _957780 |
| 650 | 1 | 3 |
_aIndustria de la grasa y el aceite _9154338 |
| 650 | 1 | 3 |
_aIndustria pesquera _9145064 |
| 650 | 1 | 3 |
_aIndustria del ganado y de la carne _9147937 |
| 650 | 1 | 3 |
_aFats and oils industry _9157566 |
| 650 | 1 | 3 |
_aLivestock and meat industry _9147938 |
| 650 | 1 | 3 |
_aFish industry _9151275 |
| 650 | 1 | 3 |
_aSugar industry _9151278 |
| 650 | 1 | 3 |
_aFreezing _9161659 |
| 700 | 1 |
_aFlores Alcántara, Roberto Arturo _941425 _ecoordinador |
|
| 700 | 1 |
_aSzymanski Duque, Rosa Guadalupe _9151434 _ecoordinadora |
|
| 700 | 1 |
_aAguilera Szymanski, Abel Ignacio _9159534 _ecolaborador |
|
| 856 | 4 | 2 |
_uhttp://10.13.5.2/ve/TC637IA/TC637IA2014-REPORTE.pdf _yDESCARGAR REPORTE |
| 901 | _aT.C.637 S99 IA 2014 | ||
| 902 | _aM | ||
| 905 | _a5232272014 mx dinl8223123322spa16 | ||
| 942 | _2local | ||
| 942 | _cVE | ||
| 999 |
_c176793 _d176793 |
||